01214cam a22003135i 4500999001700000001001000017003000900027005001700036008004100053020002900094040004100123082002300164100005300187245009600240264005000336264001000386300002700396336002600423337002800449338002700477490002800504504005100532650004800583650006200631651001000693653003900703942001200742952014600754 c20748d20720016610536EG-ScBUE20201027094342.0130925t20142014enk f b f001 0 eng d a9780708327005 (hardback) aUK-WkNBbengerdacUK-WkNBdEG-ScBUE04a810.71071bSUG2221 aSugars, Cynthia Conchita,d1963-eauthor.93867910aCanadian gothic :bliterature, history and the spectre of self-invention /cCynthia Sugars. 1aCardiff :bUniversity Of Wales Press,c[2014] 4cc2014 ax, 291 pages ;c23 cm. atextbtxt2rdacontent aunmediatedbn2rdamedia avolumebnc2rdacarrier0 aGothic literary studies aIncludes bibliographical references and index. 0aGothic revival (Literature)zCanada.2BUEsh 7aCanadian literaturexHistory and criticism.2BUEsh937176 2BUEsh bHHUUEENNcAugust2015cNovember2015 2ddccBB 00102ddc40708BaccahaMAINbMAINc2NDd2015-08-31ePurchaseg1069.00h23317l0o810.71071 SUGp000039055r2025-07-15 00:00:00v1336.00yBB